[Event "East Lansing (MI Am/3)"]
[Site "?"]
[Date "1992.??.??"]
[Round "?"]
[White "Snobeck, Michael"]
[Black "Rosebrook, G."]
[Result "0-1"]
[WhiteElo "1605"]
[BlackElo "1605"]
[PlyCount "92"]
[EventDate "1992.??.??"]

1. e4 c5 2. Nf3 Nc6 3. d4 cxd4 4. Nxd4 Nf6 5. Nc3 e5 6. Nb3 d6 7. Be2 Be7 8.
Be3 O-O 9. O-O b6 10. Bf3 Bb7 11. Nd5 Nxd5 12. exd5 Nb8 13. c4 Nd7 14. Qd3 Nf6
15. Nd2 Qd7 16. Rac1 Ba6 17. b3 Rfe8 18. Rc2 Bd8 19. Ne4 Be7 20. Ng3 g6 21. Bd1
Bf8 22. Qd2 Rac8 23. Rc3 Bg7 24. Be2 Rc7 25. Rfc1 Bc8 26. Qc2 e4 27. Bd4 Qd8
28. Re1 h5 29. Bd1 h4 30. Nxe4 Nxe4 31. Rxe4 Bxd4 32. Rf3 Bf5 33. Rxe8+ Qxe8
34. Qd2 Re7 35. h3 Re1+ 36. Kh2 Be5+ 37. g3 hxg3+ 38. Kg2 Bxh3+ 39. Kxh3 Rh1+
40. Kg2 Rh2+ 41. Kg1 Kg7 42. Qe3 Qh8 43. Rxf7+ Kxf7 44. Qf3+ Kg7 45. fxg3 Bd4+
46. Kf1 Rf2+ 0-1

[Event "East Lansing (MI Am/1)"]
[Site "?"]
[Date "1992.??.??"]
[Round "?"]
[White "Snobeck, Michael"]
[Black "Jensen, D."]
[Result "1/2-1/2"]
[WhiteElo "1605"]
[BlackElo "1605"]
[PlyCount "82"]
[EventDate "1992.??.??"]

1. e4 e5 2. Nf3 Nc6 3. Bc4 d6 4. d4 exd4 5. Nxd4 Nf6 6. Nc3 Be7 7. Nxc6 bxc6 8.
O-O Be6 9. Bd3 Rb8 10. b3 Qd7 11. Bb2 h5 12. Ne2 Bg4 13. Qd2 d5 14. e5 Ne4 15.
Bxe4 dxe4 16. Qxd7+ Bxd7 17. Ng3 h4 18. Nxe4 h3 19. g3 Bf5 20. Rfe1 Rd8 21. Bc3
Rd5 22. Rac1 O-O 23. f4 Rfd8 24. Nf2 Bc5 25. Kf1 Bxf2 26. Kxf2 Rc5 27. Re3 Rxc3
28. Rxc3 Rd2+ 29. Kf3 Rxh2 30. Rxc6 Be6 31. c4 Rxa2 32. Rxc7 Ra3 33. Kf2 Rxb3
34. Rc2 Rb1 35. Kf3 Bf5 36. Rh2 Rb3+ 37. Kf2 Rb2+ 38. Kg1 Rb1+ 39. Kf2 Rb2+ 40.
Kg1 Rb1+ 41. Kf2 Rb2+ 1/2-1/2

[Event "Detroit (MI Action/5)"]
[Site "?"]
[Date "1992.??.??"]
[Round "?"]
[White "Snelson, C."]
[Black "Ruderman, M."]
[Result "0-1"]
[WhiteElo "1605"]
[BlackElo "1605"]
[PlyCount "52"]
[EventDate "1992.??.??"]

1. e4 e5 2. Nf3 Nc6 3. Nc3 Bb4 4. Bb5 Bxc3 5. Bxc6 dxc6 6. dxc3 Bg4 7. Bg5 f6
8. Qxd8+ Rxd8 9. Bd2 Bxf3 10. gxf3 Ne7 11. O-O-O O-O 12. c4 f5 13. Bb4 Rxd1+
14. Rxd1 Re8 15. Bxe7 Rxe7 16. exf5 Re8 17. Rd7 Rf8 18. Rxc7 b5 19. Rxa7 bxc4
20. Rc7 Rxf5 21. Rc8+ Kf7 22. Rxc6 Rxf3 23. a4 Rxf2 24. Rxc4 e4 25. a5 e3 26.
a6 Rf1# 0-1

[Event "Detroit (MI Action/3)"]
[Site "?"]
[Date "1992.??.??"]
[Round "?"]
[White "Snelson, C."]
[Black "McNeil, Yaking"]
[Result "0-1"]
[WhiteElo "1605"]
[BlackElo "1605"]
[PlyCount "88"]
[EventDate "1992.??.??"]

1. e4 e5 2. Nf3 Nc6 3. Nc3 Nf6 4. Bb5 Bc5 5. Bxc6 dxc6 6. Nxe5 Qe7 7. Nd3 Nxe4
8. Nxe4 Qxe4+ 9. Qe2 Qxe2+ 10. Kxe2 Bb6 11. Re1 Bg4+ 12. Kf1+ Be6 13. Nf4 Ke7
14. Nxe6 fxe6 15. c3 Rhf8 16. d4 Kf7 17. Be3 Rae8 18. c4 Ba5 19. Red1 Kg8 20.
d5 exd5 21. cxd5 cxd5 22. Bxa7 b6 23. Re1 Rxe1+ 24. Rxe1 Ra8 25. Bxb6 Bxb6 26.
Ra1 Bd4 27. a4 Bxb2 28. Ra2 Be5 29. Re2 Bxh2 30. Re7 Rxa4 31. Re8+ Kf7 32. Rh8
Ra1+ 33. Ke2 h6 34. g4 Ra2+ 35. Kf3 d4 36. Rc8 Ra3+ 37. Kg2 Bf4 38. f3 d3 39.
Rd8 d2 40. Rd7+ Kg8 41. Rd4 Ra2 42. Kf2 d1=Q+ 43. Rd2 Qxd2+ 44. Kf1 Ra1# 0-1

[Event "Detroit (MI Action/1)"]
[Site "?"]
[Date "1992.??.??"]
[Round "?"]
[White "Snelson, C."]
[Black "Mailing, Don"]
[Result "0-1"]
[WhiteElo "1605"]
[BlackElo "1610"]
[PlyCount "44"]
[EventDate "1992.??.??"]

1. e4 e6 2. d4 d5 3. Nc3 Nc6 4. Nf3 Bb4 5. Bd2 Bxc3 6. Bxc3 Nge7 7. exd5 exd5
8. Ne5 O-O 9. Nxc6 Nxc6 10. Bb5 Re8+ 11. Be2 Qe7 12. O-O Qxe2 13. Qe1 Bd7 14.
Qxe2 Rxe2 15. Rfe1 Rae8 16. Rad1 Nxd4 17. Bd2 Nxc2 18. Rxe2 Rxe2 19. Kf1 Bb5
20. Rc1 Rxd2+ 21. Kg1 Nd4 22. Rxc7 Rd1# 0-1

[Event "Detroit (MI Action/6)"]
[Site "?"]
[Date "1992.??.??"]
[Round "?"]
[White "Snelson, C."]
[Black "Hill, Brent"]
[Result "0-1"]
[WhiteElo "1605"]
[BlackElo "1605"]
[PlyCount "37"]
[EventDate "1992.??.??"]

1. e4 c5 2. Nc3 e6 3. Nf3 d5 4. exd5 exd5 5. Qe2+ Be7 6. Qb5+ Nc6 7. Ne5 Qd6 8.
Nxc6 bxc6 9. Qa4 d4 10. Ba6 dxc3 11. Bxc8 cxb2 12. Bxb2 Rxc8 13. Bxg7 Qe6+ 14.
Kf1 Bf6 15. Bxh8 Bxh8 16. Re1 Be5 17. f4 Rd8 18. fxe5 Rxd2 19. Kg1 0-1

[Event "Flint (MEX/2)"]
[Site "?"]
[Date "1992.??.??"]
[Round "?"]
[White "Smith, Walt"]
[Black "Eagle, Chris"]
[Result "1/2-1/2"]
[WhiteElo "2045"]
[BlackElo "2130"]
[PlyCount "122"]
[EventDate "1992.??.??"]

1. c4 Nf6 2. g3 g6 3. Bg2 Bg7 4. d4 O-O 5. e3 d5 6. cxd5 Nxd5 7. Nc3 Be6 8.
Nge2 c6 9. O-O Nd7 10. Qd3 N7b6 11. b3 a5 12. Nxd5 Nxd5 13. Ba3 Re8 14. Rfc1
Qd7 15. Rc2 Ra6 16. Rac1 Rea8 17. e4 Nb4 18. Bxb4 axb4 19. d5 cxd5 20. Rc7 Qd6
21. exd5 Bf5 22. Qe3 Bf6 23. Nd4 Rxa2 24. Nxf5 gxf5 25. Qh6 Ra1 26. Rxa1 Rxa1+
27. Rc1 Bg7 28. Qe3 Bh6 29. f4 Bg7 30. Rxa1 Bxa1 31. Qa7 Qf6 32. Qa8+ Kg7 33.
h4 Qb6+ 34. Kh2 Bd4 35. Qc8 Qg6 36. Qc2 Qf6 37. Bh3 Kg6 38. h5+ Kg7 39. Qxf5
Qxf5 40. Bxf5 h6 41. Bc8 b6 42. g4 Be3 43. Kg3 Kf6 44. Kf3 Bc1 45. Ke4 Bd2 46.
Ba6 Be1 47. Be2 Bd2 48. f5 Bc3 49. Bf3 Bb2 50. Kd3 Ke5 51. Kc4 Kf4 52. Be2 Bc3
53. Kb5 Ke4 54. Kxb6 Bd4+ 55. Kc7 Bf6 56. d6 exd6 57. Kxd6 Kf4 58. Kd7 Bd4 59.
Ke7 f6 60. Ke6 Kg5 61. Kf7 Be3 1/2-1/2

[Event "Detroit (MI Action/4)"]
[Site "?"]
[Date "1992.??.??"]
[Round "?"]
[White "Smith, Walt"]
[Black "Aldrich, Jeff"]
[Result "1-0"]
[WhiteElo "2000"]
[BlackElo "1945"]
[PlyCount "53"]
[EventDate "1992.??.??"]

1. c4 Nf6 2. Nc3 e6 3. g3 d5 4. Bg2 c6 5. Nf3 Nbd7 6. b3 Nb6 7. d3 Bb4 8. Bd2
O-O 9. O-O Re8 10. a3 Bf8 11. Bf4 Nbd7 12. d4 c5 13. Nb5 e5 14. dxe5 Nh5 15.
Qxd5 Nxf4 16. gxf4 a6 17. Nd6 Re6 18. Nxf7 Qe7 19. N3g5 Nb6 20. Qd3 Rg6 21. a4
Be6 22. Nxe6 Qxe6 23. Ng5 Qg4 24. Kh1 Qxf4 25. Bd5+ Nxd5 26. Qxd5+ Kh8 27. Nf7+
1-0

[Event "Detroit (MOR/1b/40)"]
[Site "?"]
[Date "1992.??.??"]
[Round "?"]
[White "Smith, Robert"]
[Black "Wright, Ken"]
[Result "1-0"]
[WhiteElo "1700"]
[BlackElo "1605"]
[PlyCount "71"]
[EventDate "1992.??.??"]

1. d4 e6 2. c4 d6 3. Nf3 Ne7 4. Nc3 g6 5. e4 Bg7 6. Be3 Nd7 7. Qd2 O-O 8. h4 b6
9. h5 c5 10. d5 exd5 11. Bh6 d4 12. Bxg7 Kxg7 13. hxg6 h5 14. gxf7 dxc3 15.
Qxc3+ Kxf7 16. Ng5+ Kg6 17. Ne6 Ne5 18. Nxd8 Rxd8 19. O-O-O Bg4 20. Qg3 Kf6 21.
f3 Bc8 22. f4 Ng4 23. Rxh5 Ng6 24. Rg5 d5 25. exd5 Rg8 26. Rxg4 Bxg4 27. Qxg4
Rae8 28. Qg5+ Kf7 29. Qf5+ Kg7 30. Bd3 Nf8 31. Rh1 Re7 32. Rh3 Re1+ 33. Kd2 Re7
34. Rg3+ Kh8 35. Qf6+ Reg7 36. Rh3+ 1-0

[Event "Flint (Class B/1)"]
[Site "?"]
[Date "1992.??.??"]
[Round "?"]
[White "Smith, Robert"]
[Black "Saulmon, Scott"]
[Result "0-1"]
[WhiteElo "1755"]
[BlackElo "1670"]
[PlyCount "66"]
[EventDate "1992.??.??"]

1. d4 Nf6 2. c4 d6 3. Nc3 g6 4. e4 Bg7 5. Bd3 O-O 6. Nge2 Nbd7 7. O-O c5 8. d5
Ne5 9. b3 Nxd3 10. Qxd3 e6 11. Bg5 h6 12. Bh4 g5 13. Bg3 h5 14. h4 Ng4 15. hxg5
Qxg5 16. Bxd6 Re8 17. Bf4 Qg6 18. d6 Rd8 19. Rad1 e5 20. Bg3 Bf6 21. f3 Nh6 22.
Kf2 h4 23. Bh2 Be6 24. Nb5 Bd7 25. Nc7 Rac8 26. Nc3 h3 27. gxh3 Bh4+ 28. Ke3
Qg2 29. Bxe5 Bxh3 30. Rg1 Bf2+ 31. Kf4 Bxg1 32. Rd2 Bh2+ 33. Ke3 Qg1+ 0-1

[Event "Flint (Class B/3)"]
[Site "?"]
[Date "1992.??.??"]
[Round "?"]
[White "Smith, Robert"]
[Black "Gregory, Kevin"]
[Result "0-1"]
[WhiteElo "1755"]
[BlackElo "1785"]
[PlyCount "76"]
[EventDate "1992.??.??"]

1. d4 d5 2. c4 e6 3. Nc3 Nf6 4. cxd5 exd5 5. Bg5 Be7 6. e3 c6 7. Bd3 O-O 8.
Nge2 Ne4 9. Bxe7 Qxe7 10. O-O f5 11. Qc2 Qg5 12. Nd1 Nd7 13. f3 Nd6 14. Nf4 Qf6
15. Rc1 g5 16. Nh3 Rf7 17. Qf2 Nf8 18. Nc3 Qh6 19. Qg3 Rg7 20. Nf2 f4 21. Ng4
Bxg4 22. Qxg4 fxe3 23. Rce1 Re8 24. Re2 Ng6 25. Rfe1 Rge7 26. Nd1 Nf4 27. Rxe3
Rxe3 28. Rxe3 Rxe3 29. Bxh7+ Kxh7 30. Nxe3 Qe6 31. Qxe6 Nxe6 32. Nc2 Nf5 33.
Kf2 Nfxd4 34. Nxd4 Nxd4 35. g3 Kg6 36. Ke3 c5 37. f4 gxf4+ 38. gxf4 Kf5 0-1

[Event "Detroit (MOR/3/76)"]
[Site "?"]
[Date "1992.??.??"]
[Round "?"]
[White "Smith, Rob"]
[Black "Rodriguez, Juan"]
[Result "1-0"]
[WhiteElo "1700"]
[BlackElo "1605"]
[PlyCount "63"]
[EventDate "1992.??.??"]

{3/(76)} 1. d4 d5 2. c4 c6 3. Nc3 Nf6 4. cxd5 cxd5 5. Bf4 a6 6. Nf3 Nc6 7. e3
Bg4 8. Bd3 e6 9. O-O Bd6 10. Bxd6 Qxd6 11. Na4 O-O 12. Nc5 b5 13. a4 e5 14. Be2
exd4 15. exd4 b4 16. Nxa6 Ne4 17. Qd3 Qg6 18. Rfe1 Qf6 19. Nc7 Ra5 20. Nxd5
Rxd5 21. Qxe4 Bxf3 22. Bxf3 Rd6 23. d5 Nd4 24. Bg4 g6 25. a5 Nb3 26. Ra4 Nc5
27. Qxb4 Nxa4 28. Be6 Nxb2 29. Qxd6 Nd3 30. Bxf7+ Qxf7 31. Rf1 Nxf2 32. Qe6 1-0

[Event "Detroit (MOR/6/59)"]
[Site "?"]
[Date "1992.??.??"]
[Round "?"]
[White "Smith, Rob"]
[Black "Grzegorczyk, Ron"]
[Result "1-0"]
[WhiteElo "1700"]
[BlackElo "1630"]
[PlyCount "59"]
[EventDate "1992.??.??"]

{6/(59)} 1. d4 d5 2. c4 c6 3. Nc3 e6 4. Nf3 Nf6 5. Bg5 Be7 6. e3 Nbd7 7. Bd3 b6
8. cxd5 Nxd5 9. Bxe7 Qxe7 10. Rc1 Bb7 11. O-O O-O 12. a3 c5 13. dxc5 Nxc5 14.
Bb1 Rfd8 15. Qc2 g6 16. b4 Na6 17. Ne4 Rac8 18. Qb2 Rxc1 19. Rxc1 Rc8 20. Rxc8+
Bxc8 21. h4 f6 22. Qc2 Bb7 23. Nd4 f5 24. Ng5 Nac7 25. g3 Qd7 26. Ngf3 Qd6 27.
e4 e5 28. Nxf5 gxf5 29. exd5 Qxd5 30. Ba2 1-0

[Event "Detroit (MI Op/2/21)"]
[Site "?"]
[Date "1992.??.??"]
[Round "?"]
[White "Smith, Mike A"]
[Black "Ward, Tom"]
[Result "0-1"]
[WhiteElo "1815"]
[BlackElo "2155"]
[PlyCount "92"]
[EventDate "1992.??.??"]

{2/(21)} 1. e4 c5 2. Nf3 d6 3. d4 cxd4 4. Nxd4 Nf6 5. Nc3 a6 6. Bg5 e6 7. Qd2
Be7 8. f3 Qc7 9. g4 Nbd7 10. O-O-O b5 11. Bxb5 axb5 12. Ndxb5 Qb8 13. Nxd6+
Bxd6 14. Qxd6 Qxd6 15. Rxd6 Ne5 16. Rf1 Ba6 17. Rf2 O-O 18. h3 Rfc8 19. Na4 Nc4
20. Rd4 Rab8 21. b3 Na5 22. Rfd2 Bb5 23. Bf4 Nc6 24. Bxb8 Nxd4 25. Rxd4 Bxa4
26. Rxa4 Rxb8 27. c4 Kf8 28. b4 Nd7 29. b5 Nb6 30. Rb4 Rc8 31. Kb2 Nxc4+ 32.
Kb3 Nd2+ 33. Ka3 Nxf3 34. b6 Ke7 35. b7 Rb8 36. Ka4 Ne5 37. Rb3 Kd7 38. Ka5 Kc7
39. Ka6 Rd8 40. a4 Rd6+ 41. Ka7 Nc6+ 42. Ka6 Nb8+ 43. Ka5 Ra6+ 44. Kb5 Rb6+ 45.
Kc4 Rxb3 46. Kxb3 Kxb7 0-1

[Event "East Lansing (MI Am/5)"]
[Site "?"]
[Date "1992.??.??"]
[Round "?"]
[White "Smith, Mike A"]
[Black "Waite, Lawrence"]
[Result "1-0"]
[WhiteElo "1830"]
[BlackElo "1605"]
[PlyCount "115"]
[EventDate "1992.??.??"]

1. e4 c5 2. Nf3 Nc6 3. d4 e6 4. Nc3 cxd4 5. Nxd4 Bc5 6. Be3 Qe7 7. Bc4 Ne5 8.
Bb3 Nf6 9. f4 Neg4 10. Bg1 e5 11. Nf5 Qf8 12. fxe5 Nxe5 13. Bxc5 Qxc5 14. Nxg7+
Kf8 15. Nf5 Rg8 16. g3 Nfg4 17. Qd6+ Qxd6 18. Nxd6 Nf3+ 19. Kf1 Nfxh2+ 20. Kg2
Ke7 21. Nxf7 Rg7 22. Rxh2 Nxh2 23. Kxh2 Rxf7 24. Bxf7 Kxf7 25. Rf1+ Kg7 26. Rd1
Rb8 27. Nb5 a6 28. Nd6 Kf6 29. c3 Ke6 30. Kg2 b5 31. Nxc8 Rxc8 32. Rh1 Ke5 33.
Rxh7 d6 34. Rg7 Kf6 35. Ra7 Rc5 36. Kf3 Ke5 37. Rf7 b4 38. Rf5+ Ke6 39. cxb4
Rc2 40. Ra5 Rxb2 41. a3 Rb3+ 42. Kf4 Rb2 43. Rxa6 Kd7 44. Ra5 Kc6 45. Ra6+ Kd7
46. g4 Rf2+ 47. Ke3 Rf8 48. b5 Kc7 49. a4 Re8 50. a5 d5 51. Ra7+ Kd6 52. b6
Rxe4+ 53. Kd3 Rxg4 54. b7 Kc7 55. a6 Rb4 56. Ra8 Rxb7 57. axb7 Kxb7 58. Ra5 1-0

[Event "East Lansing (MI Am/1)"]
[Site "?"]
[Date "1992.??.??"]
[Round "?"]
[White "Smith, Mike A"]
[Black "Troupe, D."]
[Result "1-0"]
[WhiteElo "1830"]
[BlackElo "1605"]
[PlyCount "117"]
[EventDate "1992.??.??"]

1. e4 e5 2. Nf3 Nc6 3. Bb5 a6 4. Ba4 Nf6 5. O-O b5 6. Bb3 Bc5 7. c3 Nxe4 8. d4
exd4 9. cxd4 Bb4 10. a3 Ba5 11. Bd5 Nf6 12. Qe2+ Qe7 13. Qxe7+ Kxe7 14. Bg5 Ra7
15. Ne5 Nxd4 16. Nxf7 Rf8 17. b4 Bb6 18. Re1+ Ne6 19. Ne5 h6 20. Ng6+ Kf7 21.
Nxf8 hxg5 22. Nxe6 Nxd5 23. Nxg5+ Kg6 24. Nf3 Bb7 25. Ne5+ Kh7 26. Nxd7 Bd4 27.
Ra2 Nf4 28. Nf8+ Kh6 29. Ne6 Nxe6 30. Rxe6+ g6 31. Rd2 Ba1 32. f4 Ra8 33. f5
Rg8 34. Rd3 Bc8 35. Rxg6+ Rxg6 36. fxg6 Kxg6 37. Nd2 Bb2 38. Ne4 Bf5 39. Rg3+
Kf7 40. Nc5 Bd4+ 41. Kf1 a5 42. Nb3 Be5 43. Rf3 axb4 44. Rxf5+ Ke6 45. Rxe5+
Kxe5 46. axb4 Ke4 47. g4 Kf4 48. h3 Kg5 49. Kf2 Kf4 50. Nd2 Kg5 51. Kg3 Kg6 52.
Kf4 Kh6 53. Kf5 Kg7 54. g5 Kh7 55. Kf6 Kg8 56. g6 Kh8 57. g7+ Kg8 58. Kg6 c5
59. Ne4 1-0

[Event "Detroit (Pan Am/4)"]
[Site "?"]
[Date "1992.??.??"]
[Round "?"]
[White "Smith, Mike A"]
[Black "Stockton, T."]
[Result "1-0"]
[WhiteElo "1860"]
[BlackElo "1605"]
[PlyCount "57"]
[EventDate "1992.??.??"]

1. e4 e5 2. Nf3 Nc6 3. Bb5 a6 4. Ba4 d6 5. O-O Bg4 6. c3 Qf6 7. d3 Bxf3 8. gxf3
Nge7 9. Be3 b5 10. Bb3 Ng6 11. Bd5 Kd7 12. Nd2 Nf4 13. Bxf4 Qxf4 14. d4 Re8 15.
Bxc6+ Kxc6 16. d5+ Kd7 17. a4 h5 18. axb5 axb5 19. Qe2 Rb8 20. c4 g5 21. cxb5
g4 22. Rfc1 gxf3 23. Nxf3 Bh6 24. Rc3 Qg4+ 25. Kf1 Rhg8 26. Qc4 Rbc8 27. Ra7
Kd8 28. Rxc7 Bf4 29. Qc6 1-0

[Event "Detroit (Pan Am/3)"]
[Site "?"]
[Date "1992.??.??"]
[Round "?"]
[White "Smith, Mike A"]
[Black "Miller, Dan"]
[Result "1/2-1/2"]
[WhiteElo "1860"]
[BlackElo "1605"]
[PlyCount "66"]
[EventDate "1992.??.??"]

1. e4 e5 2. Nf3 Nc6 3. Bb5 d6 4. O-O Nf6 5. Re1 Be7 6. c3 Bd7 7. d4 exd4 8.
cxd4 O-O 9. Nc3 a6 10. Ba4 Ng4 11. e5 dxe5 12. dxe5 Bc5 13. Ne4 Ba7 14. Bf4 Re8
15. Bxc6 Bxc6 16. Bg3 Bb6 17. h3 Nh6 18. Qc1 Nf5 19. Bh2 Qd3 20. Qf4 Nd4 21.
Nxd4 Qxd4 22. Ng5 Qxf4 23. Bxf4 h6 24. Nf3 Rad8 25. Rad1 Bd5 26. b3 Be6 27. Kf1
Ba5 28. Bd2 Bxd2 29. Rxd2 Rxd2 30. Nxd2 Rd8 31. Ke2 Rd5 32. Nf3 Rc5 33. Rd1 Bd5
1/2-1/2

[Event "Detroit (MI Op/4/26)"]
[Site "?"]
[Date "1992.??.??"]
[Round "?"]
[White "Smith, Mike A"]
[Black "Hendricks, Marcus"]
[Result "1-0"]
[WhiteElo "1815"]
[BlackElo "1990"]
[PlyCount "81"]
[EventDate "1992.??.??"]

{4/(26)} 1. e4 c5 2. Nf3 Nc6 3. d4 cxd4 4. Nxd4 Nf6 5. Nc3 e5 6. Ndb5 d6 7. Bg5
a6 8. Bxf6 gxf6 9. Na3 Be6 10. Nd5 f5 11. exf5 Qa5+ 12. Nc3 Bxf5 13. Nc4 Qc5
14. Ne3 Be6 15. Ncd5 O-O-O 16. Be2 f5 17. c4 Rg8 18. O-O Nd4 19. Rc1 f4 20. Nc2
Nxe2+ 21. Qxe2 Kb8 22. Rfd1 Bg4 23. Qf1 Bxd1 24. Rxd1 Rg6 25. b4 Qc8 26. Qd3
Qg4 27. g3 fxg3 28. fxg3 h5 29. b5 h4 30. Nde3 Qh5 31. g4 Rxg4+ 32. Nxg4 Qxg4+
33. Kh1 e4 34. Qd5 h3 35. Rd2 axb5 36. cxb5 Bh6 37. Rf2 Bg7 38. b6 Be5 39. Qa5
Qd1+ 40. Ne1 Qa1 41. Rc2 1-0

[Event "Detroit (MI Op/5/18)"]
[Site "?"]
[Date "1992.??.??"]
[Round "?"]
[White "Smith, Mike A"]
[Black "Fuller, William"]
[Result "1/2-1/2"]
[WhiteElo "1815"]
[BlackElo "2030"]
[PlyCount "59"]
[EventDate "1992.??.??"]

{5/(18)} 1. e4 c5 2. Nf3 Nc6 3. d4 cxd4 4. Nxd4 g6 5. Nc3 Bg7 6. Be3 Nf6 7. Bc4
Qa5 8. f3 Qb4 9. Bb3 Nxe4 10. Nxc6 Bxc3+ 11. bxc3 Qxc3+ 12. Kf1 Qxe3 13. fxe4
dxc6 14. Qf3 Qxf3+ 15. gxf3 Bh3+ 16. Kf2 O-O-O 17. Bxf7 Rd2+ 18. Kg3 Bd7 19.
Bb3 h5 20. h4 e5 21. Rad1 Rxd1 22. Rxd1 Kc7 23. Bf7 Rh7 24. Bb3 Rg7 25. f4 Bg4
26. Rd2 Re7 27. fxe5 Rxe5 28. Kf4 Rc5 29. Bf7 Ra5 30. Bxg6 1/2-1/2

[Event "East Lansing (MI Am/3)"]
[Site "?"]
[Date "1992.??.??"]
[Round "?"]
[White "Smith, Mike A"]
[Black "Duke, Daniel"]
[Result "1-0"]
[WhiteElo "1830"]
[BlackElo "1605"]
[PlyCount "45"]
[EventDate "1992.??.??"]

1. e4 c5 2. Nf3 d6 3. d4 cxd4 4. Nxd4 Nf6 5. Nc3 g6 6. Bc4 Bg7 7. f3 O-O 8. Be3
Nc6 9. Qd2 Ne5 10. Bb3 Bd7 11. Bh6 Rc8 12. h4 Qb6 13. O-O-O Nc4 14. Bxc4 Rxc4
15. Bxg7 Kxg7 16. g4 Rfc8 17. h5 Ng8 18. hxg6 fxg6 19. g5 Qb4 20. Qf4 e5 21.
Rxh7+ Kxh7 22. Qf7+ Kh8 23. Rh1+ 1-0

[Event "Detroit (Pan Am/1)"]
[Site "?"]
[Date "1992.??.??"]
[Round "?"]
[White "Smith, Mike A"]
[Black "Black, T."]
[Result "1-0"]
[WhiteElo "1860"]
[BlackElo "1605"]
[PlyCount "79"]
[EventDate "1992.??.??"]

1. e4 e5 2. Nf3 Nc6 3. Bb5 Nf6 4. O-O Be7 5. Re1 d6 6. c3 O-O 7. d4 Bg4 8. Bxc6
bxc6 9. dxe5 dxe5 10. Qxd8 Rfxd8 11. Nxe5 Bh5 12. Nxc6 Rd7 13. Nxe7+ Rxe7 14.
f3 Rd8 15. Be3 a6 16. Nd2 Nd7 17. Nb3 f6 18. Rad1 Ree8 19. Rd2 Nb6 20. Bxb6
cxb6 21. Red1 Rxd2 22. Rxd2 Re6 23. Rd7 Be8 24. Rd8 Kf7 25. Nd4 Re7 26. Nf5 Rd7
27. Rxd7+ Bxd7 28. Kf2 Kg6 29. Ke3 Bxf5 30. exf5+ Kxf5 31. Kd4 Ke6 32. c4 g5
33. b4 h5 34. c5 b5 35. g4 hxg4 36. fxg4 f5 37. gxf5+ Kxf5 38. c6 Ke6 39. Kc5
Ke7 40. Kb6 1-0

[Event "Flint (Class A/4)"]
[Site "?"]
[Date "1992.??.??"]
[Round "?"]
[White "Smith, Michael R"]
[Black "Rutkofske, Lonnie"]
[Result "1/2-1/2"]
[WhiteElo "1950"]
[BlackElo "1995"]
[PlyCount "70"]
[EventDate "1992.??.??"]

1. e4 e6 2. d4 d5 3. Nd2 Nf6 4. e5 Nfd7 5. Bd3 c5 6. c3 Nc6 7. Ne2 cxd4 8. cxd4
f6 9. exf6 Nxf6 10. O-O Bd6 11. Nf3 O-O 12. Nc3 a6 13. Bg5 Qc7 14. h3 b5 15.
Rc1 Bf4 16. Bxf4 Qxf4 17. Nxb5 Nb4 18. Nc3 Nxd3 19. Qxd3 Ne4 20. Rfe1 Nd6 21.
b3 Bd7 22. Rc2 Rf6 23. Ne5 Be8 24. Rce2 Nb5 25. Ng4 Rg6 26. Nxd5 Qd6 27. Ndf6+
gxf6 28. Rxe6 Qf8 29. Rxe8 Rxe8 30. Qxg6+ hxg6 31. Rxe8 Qxe8 32. Nxf6+ Kf7 33.
Nxe8 Kxe8 34. Kf1 Nxd4 35. Ke1 Kd7 1/2-1/2

[Event "Flint (Class A/2)"]
[Site "?"]
[Date "1992.??.??"]
[Round "?"]
[White "Smith, Michael R"]
[Black "Boes, Jeff"]
[Result "1-0"]
[WhiteElo "1950"]
[BlackElo "1885"]
[PlyCount "85"]
[EventDate "1992.??.??"]

1. e4 d5 2. exd5 Qxd5 3. Nc3 Qa5 4. d4 Nf6 5. Nf3 Bf5 6. Bd3 Nc6 7. Bf4 O-O-O
8. Qd2 Bxd3 9. Qxd3 e6 10. O-O Be7 11. Rfd1 Nb4 12. Qe2 Nbd5 13. Nxd5 Nxd5 14.
Bd2 Qb6 15. c4 Qa6 16. Re1 Nb4 17. Bc3 Nc6 18. a3 Bf6 19. Red1 Ne7 20. b4 Rd7
21. b5 Qd6 22. Ne5 Nf5 23. Nxd7 Qxd7 24. Bb2 Rd8 25. d5 Bxb2 26. Qxb2 f6 27. a4
Qf7 28. dxe6 Rxd1+ 29. Rxd1 Qxe6 30. c5 Qe4 31. Qd2 Qe7 32. Qd5 Nh6 33. c6 b6
34. Qd7+ Qxd7 35. Rxd7 Nf5 36. g4 Nd6 37. Rxg7 Kd8 38. Rd7+ Kc8 39. Rxh7 Kd8
40. Rd7+ Kc8 41. h4 Ne4 42. h5 Nc5 43. h6 1-0

[Event "Flint (Class DE/5)"]
[Site "?"]
[Date "1992.??.??"]
[Round "?"]
[White "Smith, Lester"]
[Black "Vangilder, W."]
[Result "1-0"]
[WhiteElo "1605"]
[BlackElo "1605"]
[PlyCount "73"]
[EventDate "1992.??.??"]

1. e4 Nc6 2. Bc4 e6 3. Nc3 Ne5 4. Be2 Bc5 5. d4 Bb6 6. dxe5 Ne7 7. Bg5 h6 8.
Bh4 O-O 9. Bh5 Qe8 10. Nf3 a6 11. O-O Ba7 12. Qe2 b5 13. Rad1 Bb7 14. a3 Rd8
15. Rd3 c5 16. Nd2 Bb8 17. f4 d6 18. Qg4 dxe5 19. Bf6 g6 20. fxe5 Rxd3 21. cxd3
Kh7 22. Bxe7 Qxe7 23. Rf6 gxh5 24. Qxh5 Bxe5 25. Rxh6+ Kg8 26. Qxe5 f6 27. Qg3+
Qg7 28. Rg6 Rf7 29. Qb8+ Rf8 30. Rxg7+ Kxg7 31. Qxb7+ Rf7 32. Qxa6 Rd7 33. Qxb5
Kf7 34. Qxd7+ Kg6 35. Qxe6 Kg5 36. Nf3+ Kf4 37. Nd1 1-0

[Event "Flint (Class DE/3)"]
[Site "?"]
[Date "1992.??.??"]
[Round "?"]
[White "Smith, Lester"]
[Black "Kinney, J."]
[Result "1-0"]
[WhiteElo "1605"]
[BlackElo "1605"]
[PlyCount "41"]
[EventDate "1992.??.??"]

1. e4 d5 2. exd5 Qxd5 3. Nc3 Qa5 4. d4 Nf6 5. Bd2 Bf5 6. Nf3 e6 7. Ne4 Qb6 8.
Nxf6+ gxf6 9. Bc3 c5 10. d5 Nd7 11. Bc4 Be7 12. Qd2 Rg8 13. g3 Be4 14. dxe6
fxe6 15. O-O-O Qc6 16. Rhe1 Bxf3 17. Rxe6 Qc7 18. Rde1 Rg7 19. Qh6 Rg4 20.
Rxe7+ Kd8 21. Re8# 1-0

[Event "Flint (Class DE/1)"]
[Site "?"]
[Date "1992.??.??"]
[Round "?"]
[White "Smith, Lester"]
[Black "Berlinger, Bradley"]
[Result "1-0"]
[WhiteElo "1605"]
[BlackElo "1605"]
[PlyCount "91"]
[EventDate "1992.??.??"]

1. e4 e5 2. Bc4 Nf6 3. Nf3 Nc6 4. d3 h6 5. Nc3 Bb4 6. O-O Bxc3 7. bxc3 O-O 8.
Re1 d6 9. d4 Na5 10. Bd3 Bg4 11. h3 Bxf3 12. Qxf3 c5 13. Qg3 c4 14. Bf1 Re8 15.
Bxh6 g6 16. Bg5 b5 17. Qf3 Re6 18. d5 Re8 19. Qxf6 Qxf6 20. Bxf6 Nb7 21. Rab1
a6 22. a4 Nc5 23. axb5 axb5 24. Rxb5 Reb8 25. Rxb8+ Rxb8 26. Bxc4 Na4 27. Re3
Rc8 28. Ba6 Rxc3 29. Rxc3 Nxc3 30. f3 Kf8 31. h4 Ke8 32. g4 Na4 33. h5 gxh5 34.
gxh5 Nc5 35. Bc8 Nd7 36. Bxd7+ Kxd7 37. h6 Kc7 38. h7 Kb6 39. h8=Q Kb5 40. Qc8
Kb4 41. Bxe5 dxe5 42. d6 f5 43. d7 fxe4 44. d8=Q exf3 45. Qb6+ Ka4 46. Qca6#
1-0

[Event "Detroit (MOR/6/94)"]
[Site "?"]
[Date "1992.??.??"]
[Round "?"]
[White "Smith, K."]
[Black "Williams, C."]
[Result "1/2-1/2"]
[WhiteElo "1605"]
[BlackElo "1605"]
[PlyCount "139"]
[EventDate "1992.??.??"]

{6/(94)} 1. d4 f5 2. Nc3 Nf6 3. Nf3 d6 4. Bf4 g6 5. e3 Bg7 6. Bc4 c6 7. O-O h6
8. h3 d5 9. Bxb8 Rxb8 10. Bd3 O-O 11. Ne2 Ne4 12. c4 e6 13. c5 Qc7 14. b4 Bd7
15. a4 a6 16. Ra2 Rbe8 17. Qa1 Ng5 18. Nh4 Kh7 19. f4 Nf7 20. g3 g5 21. Ng2 Bf6
22. a5 Rg8 23. Kh1 h5 24. Qe1 Nh6 25. Kh2 Rg7 26. Qf2 Reg8 27. Rh1 Kh8 28. Kg1
Rh7 29. Kf1 Rhg7 30. Ke1 gxf4 31. Nexf4 Rxg3 32. Kd1 h4 33. Qf1 Be8 34. Nxe6
Bh5+ 35. Kc1 Qe7 36. Nef4 Bf3 37. Rg1 Bxg2 38. Raxg2 Qxe3+ 39. Kb1 Rxg2 40.
Rxg2 Rxg2 41. Nxg2 Qxd4 42. Kc2 Qb2+ 43. Kd1 Qa1+ 44. Ke2 Qb2+ 45. Kd1 Qa1+ 46.
Ke2 Qxf1+ 47. Kxf1 Bc3 48. Nxh4 Bxb4 49. Nxf5 Nxf5 50. Bxf5 Bxc5 51. Bc8 b5 52.
axb6 Bxb6 53. Bxa6 c5 54. Ke2 Kg7 55. Kd3 Kf6 56. Bb5 Ke5 57. Ba6 Bd8 58. Bb5
Bh4 59. Ba6 Kd6 60. Bb5 Bf6 61. Ke2 Bh4 62. Kd2 Ke5 63. Kd3 d4 64. Bc6 Kd6 65.
Ba8 Kc7 66. Be4 Kb6 67. Bd5 Kb5 68. Bc4+ Kb4 69. Bd5 Bd8 70. Bc4 1/2-1/2

[Event "Detroit (MOR/4/100)"]
[Site "?"]
[Date "1992.??.??"]
[Round "?"]
[White "Smith, K."]
[Black "Troupe, D."]
[Result "0-1"]
[WhiteElo "1605"]
[BlackElo "1605"]
[PlyCount "74"]
[EventDate "1992.??.??"]

{4/(100)} 1. c4 e5 2. e4 Nf6 3. d3 Bc5 4. h3 d6 5. Nf3 h6 6. Nc3 a6 7. Be2 c6
8. O-O O-O 9. a3 a5 10. d4 exd4 11. Nxd4 Re8 12. Qd3 d5 13. cxd5 cxd5 14. Be3
dxe4 15. Qc4 Bxd4 16. Bxd4 Be6 17. Bxf6 Qxf6 18. Qxe4 Nc6 19. Bd3 g6 20. Rad1
Bb3 21. Nd5 Qd6 22. Qf3 Bxd5 23. Be4 Bxe4 24. Qxe4 Rxe4 25. Rxd6 Re2 26. b4
axb4 27. axb4 Nxb4 28. Rb6 Nd5 29. Rxb7 Rae8 30. Rbb1 R8e5 31. g4 Nf4 32. Kh2
R5e3 33. Kg1 Nxh3+ 34. Kh1 Nxf2+ 35. Kg1 Nxg4 36. Rb4 Rg3+ 37. Kh1 Rh2# 0-1